Statistics for Primeira Liga

Click here to take the quiz!

General Stats

  • This quiz has been taken 15 times
  • The average score is 12 of 18

Answer Stats

Answer% Correct
Benfica
100%
Braga
93%
Porto
93%
Boavista
86%
Estoril
79%
Chaves
71%
Santa Clara
71%
Vitória
71%
Arouca
64%
Famaliçao
64%
Gil Vicente
64%
Rio Ave
64%
Casa Pia
57%
Marítimo
57%
Portimonense
57%
Vizela
57%
Paços Ferreira
50%
Sporting Portugal
43%

Score Distribution

Percentile by Number Answered

Percent of People with Each Score

Your Score History

You have not taken this quiz